| 000 | 00416nam a2200157Ia 4500 | ||
|---|---|---|---|
| 008 | 241228s9999 xx 000 0 und d | ||
| 020 | _a9781000961652 | 9781003408307 | 9781032521619 | ||
| 082 | _a005.82 SHE/I | ||
| 100 | _aShekokar, Narendra M. | ||
| 245 | 0 | _aIntelligent approaches to cyber security | |
| 260 | _aBoca Raton, | ||
| 260 | _bCRC Press, | ||
| 260 | _c2024 | ||
| 300 | _axiv, 195p. | ||
| 942 | _cBK | ||
| 999 |
_c40115 _d40115 |
||